All ECW World Champions - Statistics

General Stats
  • This quiz has been taken 127 times
  • The average score is 35 of 49
Answer Stats
Hint Answer % Correct
1993 1 Sabu
93%
1997 2 Sabu
93%
2006 1 Rob Van Dam
92%
2000 1 Tommy Dreamer
92%
2009 2 Tommy Dreamer
92%
2006 1 Big Show
85%
1992 1 Sandman
85%
1995 2 Sandman
85%
1995 3 Sandman
85%
1996 4 Sandman
85%
2001 5 Sandman
85%
1999 1 Tazz
80%
2000 2 Tazz
80%
2009 1 Christian
77%
2009 2 Christian
77%
2007 1 CM Punk
77%
1993 1 Shane Douglas
77%
1994 2 Shane Douglas
77%
1997 3 Shane Douglas
77%
1997 4 Shane Douglas
77%
2007 1 Bobby Lashley
75%
2007 2 Bobby Lashley
75%
2008 1 Chavo Guerrero
72%
1993 1 Terry Funk
72%
1997 2 Terry Funk
72%
2008 1 Kane
70%
2008 1 Matt Hardy
70%
1999 1 Mike Awesome
70%
1999 2 Mike Awesome
70%
2007 1 Vince McMahon
70%
1996 1 Raven
69%
1996 2 Raven
69%
2010 1 Ezekiel Jackson
67%
1992 1 Jimmy Snuka
66%
1992 2 Jimmy Snuka
66%
1997 1 Bam Bam Bigelow
64%
1995 1 Mikey Whipwreck
62%
2009 1 Jack Swagger
61%
2007 1 Johnny Nitro
61%
2008 1 Mark Henry
61%
2001 1 Rhyno
61%
2000 1 Justin Credible
59%
1999 1 Masato Tanaka
59%
2000 1 Steve Corino
59%
2000 1 Jerry Lynn
48%
1992 1 Johnny Hotbody
39%
1993 1 Tito Santana
34%
1992 1 Don Muraco
33%
1993 2 Don Muraco
33%
No matching quizzes found
Score Distribution
Percent of People with Each Score
Percentile by Number Answered
Your Score History
You have not taken this quiz